00321nam a2200097Ia 4500008004100000100002800041245009300069260004400162300000600206490001100212201217s9999 xx 000 0 und d aHarvard Business Review 0aHarvard Business Review on Management : Classic Advice on Aspects of Organizational Life aNew YorkbHarvard Business School Press a0 vVol. 1